Statistics for WWE Elimination Chamber Winners

Click here to take the quiz!

General Stats

  • This quiz has been taken 5,354 times
    (5,312 since last reset)
  • The average score is 14 of 17

Answer Stats

HintAnswer% Correct
2011John Cena
96%
2006John Cena
96%
2010John Cena
96%
2009Triple H
95%
2003Triple H
95%
2005Triple H
95%
2008Triple H
95%
2002Shawn Michaels
88%
2009Edge
87%
2011Edge
87%
2014Randy Orton
86%
2008The Undertaker
85%
2010Chris Jericho
73%
2012CM Punk
70%
2012Daniel Bryan
69%
2013Jack Swagger
45%
2006Bobby Lashley
42%

Score Distribution

Percentile by Number Answered

Percent of People with Each Score

Your Score History

You have not taken this quiz since the last reset